Danse avec les Stars - Tous les styles de danses - Statistiques

Statistiques générales
  • Ce quiz a été pris 1 385 fois
  • Le résultat moyen est 15 sur 31
Statistiques - réponses
Hint Réponse % Correct
Danse "moderne" Danse contemporaine
88%
Danse standard Valse
88%
Danse standard Valse viennoise
88%
Danse latine Salsa
86%
Danse latine Tango
84%
Danse "moderne" 2 Tango argentin
84%
Danse latine Cha-cha-cha
76%
Danse latine Rumba
75%
Danse latine Samba
74%
Danse latine Jive
68%
Danse standard Quickstep
62%
Danse "moderne" Afro jazz
59%
Danse "moderne" 2 Jazz Broadway
58%
Danse "moderne" 2 Modern'jazz
56%
Danse latine Paso doble
56%
Danse standard Foxtrot
53%
Danse "moderne" American Smooth
49%
Danse "moderne" 2 Jazz
48%
Danse "moderne" Bollywood
43%
Danse "moderne" 2 Hip-hop
36%
Danse "moderne" Danse classique
34%
Autres Freestyle
34%
Danse standard Charleston
29%
Danse "moderne" 2 Flamenco
18%
Danse "moderne" 2 Mambo
17%
Danse "moderne" Country
7%
Danse "moderne" Disco
7%
Danse "moderne" 2 Lindy hop
7%
Danse "moderne" 2 Rock 'n' roll
7%
Danse "moderne" Boléro
6%
Danse "moderne" Boogie-woogie
6%
Aucun quiz correspondant
Distribution des résultats
% des personnes avec chaque résultat
Percentile par nombre de réponses
Votre historique - résultats
Vous n’avez pas pris ce quiz